Loading...
Current Events | 2 | 10.00 | 100% | 0% | 0% |
Fine Arts - Classical Music | 3 | 6.67 | 67% | 0% | 0% |
Fine Arts - Other Fine Arts | 3 | 13.33 | 100% | 33% | 0% |
Fine Arts - Painting & Sculpture | 4 | 10.00 | 75% | 25% | 0% |
Geography | 3 | 10.00 | 100% | 0% | 0% |
History - American History | 5 | 12.00 | 100% | 20% | 0% |
History - European History | 2 | 15.00 | 50% | 50% | 50% |
History - Other History | 4 | 10.00 | 75% | 25% | 0% |
History - World History | 6 | 11.67 | 83% | 33% | 0% |
Literature - American Literature | 6 | 10.00 | 100% | 0% | 0% |
Literature - British Literature | 4 | 5.00 | 50% | 0% | 0% |
Literature - European Literature | 3 | 13.33 | 100% | 33% | 0% |
Literature - World Literature | 6 | 13.33 | 100% | 0% | 33% |
Mythology | 4 | 10.00 | 100% | 0% | 0% |
Other Academic | 2 | 10.00 | 100% | 0% | 0% |
Philosophy | 6 | 8.33 | 67% | 17% | 0% |
Religion | 4 | 5.00 | 50% | 0% | 0% |
Science - Biology | 3 | 13.33 | 100% | 33% | 0% |
Science - Chemistry | 6 | 11.67 | 100% | 17% | 0% |
Science - Physics | 7 | 10.00 | 86% | 14% | 0% |
Social Science | 1 | 10.00 | 100% | 0% | 0% |